000 01086nam0a2200301 4500
001 RU\NLR\bibl\1403059
005 20260406081323.0
010 _a978-5-395-00478-9
_915000
021 _aRU
_b2009-46127
_92804
021 _aRU
_b2009-102690
_96535
035 _a(NLR Aleph) 001395059
090 _a1186626
_c1186626
100 _a20090820d2009 |||y0rusy50 ca
101 1 _arus
_cger
102 _aRU
105 _ay |||||||||
200 1 _aПарфюмер
_eистория одного убийцы
_e[роман]
_fПатрик Зюскинд
_g[пер. с нем. Эллы Венгеровой]
210 _aСанкт-Петербург
_cАзбука-классика
_d2009
215 _a315, [2] с.
_d21
225 1 _aКоллекция классических бестселлеров
686 1 _aШ6(4Ф)07-440.4{Лх1359.2-50}
700 1 _4070
_8rus
_7ca
_aЗюскинд
_bП.
_gПатрик
_f1949-
_3RU\NLR\auth\7745477
_928415
801 0 _aRU
_bNLR
_c20090820
_gRCR
801 1 _aRU
_bNLR
_c20090820
942 _cBOOK
980 _aNB